Protection and rehabilitation of manual scavengers in India: A critical analysis (Record no. 524424)
[ view plain ]
| 000 -LEADER | |
|---|---|
| fixed length control field | 00965nam a22001457a 4500 |
| 008 - FIXED-LENGTH DATA ELEMENTS--GENERAL INFORMATION | |
| fixed length control field | 231114b ||||| |||| 00| 0 eng d |
| 100 ## - MAIN ENTRY--PERSONAL NAME | |
| Personal name | Sakthivel, M., Kumar, S.S. and Krishnan, C.G. |
| 245 ## - TITLE STATEMENT | |
| Title | Protection and rehabilitation of manual scavengers in India: A critical analysis |
| 260 ## - PUBLICATION, DISTRIBUTION, ETC. (IMPRINT) | |
| Place of publication, distribution, etc | Journal of the Indian Law Institute |
| 300 ## - PHYSICAL DESCRIPTION | |
| Extent | 64(3), Jul-Sep, 2023: p.281-313 |
| 520 ## - SUMMARY, ETC. | |
| Summary, etc | Protection and rehabilitation of manual scavengers in India: A critical analysis The government of India has been laying emphasis on sanitation and has hundred mass campaigns like “Swachatha Abiyan’, Cleanliness and satiation have a significant role in improving the overall standards of living of the people. Any effort to address the problem of sanitation requires greater understanding and analysis of the complex issues around sanitation. – Reproduced |
| 773 ## - HOST ITEM ENTRY | |
| Main entry heading | Journal of the Indian Law Institute |
| 906 ## - LOCAL DATA ELEMENT F, LDF (RLIN) | |
| Subject DIP | SCAVENGING |
| 942 ## - ADDED ENTRY ELEMENTS (KOHA) | |
| Item type | Articles |
| Withdrawn status | Lost status | Source of classification or shelving scheme | Damaged status | Not for loan | Permanent location | Current location | Date acquired | Serial Enumeration / chronology | Barcode | Date last seen | Koha item type |
|---|---|---|---|---|---|---|---|---|---|---|---|
| Indian Institute of Public Administration | Indian Institute of Public Administration | 2023-11-14 | 64(3), Jul-Sep, 2023: p.281-313 | AR130301 | 2023-11-14 | Articles |
